000 00407nam a2200157Ia 4500
008 240729s9999 xx 000 0 und d
022 _a1857-8462
245 0 _aSEEU Review
260 _aPoland
260 _bSciendo
650 _a Political science (General)
650 _aLaw | Political science
856 _uhttps://doaj.org/toc/bb8760d006244dd5849fb93b6a118083
942 _2ddc
942 _cDOAJEJ
999 _c70404
_d70404
945 _a1
_bMadushi Gamage
_c1
_dMadushi Gamage